Magnificent delusions : (Record no. 16153)
[ view plain ]
| 000 -LEADER | |
|---|---|
| fixed length control field | 01960cam a2200373 i 4500 |
| 001 - CONTROL NUMBER | |
| control field | 17856749 |
| 005 - DATE AND TIME OF LATEST TRANSACTION | |
| control field | 20170105102934.0 |
| 008 - FIXED-LENGTH DATA ELEMENTS--GENERAL INFORMATION | |
| fixed length control field | 130819s2013 nyu b 001 0 eng d |
| 010 ## - LIBRARY OF CONGRESS CONTROL NUMBER | |
| LC control number | 2013948306 |
| 020 ## - INTERNATIONAL STANDARD BOOK NUMBER | |
| International Standard Book Number | 9781610393171 (hardcover) |
| 020 ## - INTERNATIONAL STANDARD BOOK NUMBER | |
| International Standard Book Number | 1610393171 (hardcover) |
| 020 ## - INTERNATIONAL STANDARD BOOK NUMBER | |
| Canceled/invalid ISBN | 9781610394093 (intl. hc) |
| 020 ## - INTERNATIONAL STANDARD BOOK NUMBER | |
| Canceled/invalid ISBN | 9781610394109 (intl. pb) |
| 020 ## - INTERNATIONAL STANDARD BOOK NUMBER | |
| Canceled/invalid ISBN | 9781610393188 (e-book) |
| 035 ## - SYSTEM CONTROL NUMBER | |
| System control number | (OCoLC)ocn862069602 |
| 040 ## - CATALOGING SOURCE | |
| Original cataloging agency | IHE |
| Language of cataloging | eng |
| Transcribing agency | IHE |
| Description conventions | rda |
| Modifying agency | OCP |
| -- | TOH |
| -- | YDXCP |
| -- | JAG |
| -- | WIH |
| -- | ABG |
| -- | CGP |
| -- | VP@ |
| -- | OBE |
| -- | DLC |
| 042 ## - AUTHENTICATION CODE | |
| Authentication code | lccopycat |
| 043 ## - GEOGRAPHIC AREA CODE | |
| Geographic area code | n-us--- |
| -- | a-pk--- |
| 050 00 - LIBRARY OF CONGRESS CALL NUMBER | |
| Classification number | E183.8.P18 |
| Item number | H24 2013 |
| 082 00 - DEWEY DECIMAL CLASSIFICATION NUMBER | |
| Classification number | 327.7305491 |
| Edition number | 23 |
| Author Mark | HAQ 2013 |
| 100 1# - MAIN ENTRY--PERSONAL NAME | |
| Personal name | Ḥaqqānī, Ḥusain, |
| Dates associated with a name | 1956- |
| Relator term | author. |
| 245 10 - TITLE STATEMENT | |
| Title | Magnificent delusions : |
| Remainder of title | Pakistan, the United States, and an epic history of misunderstanding / |
| Statement of responsibility, etc. | Husain Haqqani. |
| 250 ## - EDITION STATEMENT | |
| Edition statement | First edition. |
| 300 ## - PHYSICAL DESCRIPTION | |
| Extent | 415 pages ; |
| Dimensions | 25 cm |
| 504 ## - BIBLIOGRAPHY, ETC. NOTE | |
| Bibliography, etc. note | Includes bibliographical references and index. |
| 505 0# - FORMATTED CONTENTS NOTE | |
| Formatted contents note | False start -- Aid, arms, and bases -- A split and a tilt -- Picking up the pieces -- A most superb and patriotic liar -- Denial and double game -- Parallel universes. |
| 520 ## - SUMMARY, ETC. | |
| Summary, etc. | "The relationship between America and Pakistan is based on mutual incomprehension and always has been. Pakistan--to American eyes--has gone from being a quirky irrelevance, to a stabilizing friend, to an essential military ally, to a seedbed of terror. America--to Pakistani eyes--has been a guarantee of security, a coldly distant scold, an enthusiastic military enabler, and is now a threat to national security and a source of humiliation."--Dust jacket. |
| 651 #0 - SUBJECT ADDED ENTRY--GEOGRAPHIC NAME | |
| Geographic name | United States |
| General subdivision | Foreign relations |
| Geographic subdivision | Pakistan. |
| 651 #0 - SUBJECT ADDED ENTRY--GEOGRAPHIC NAME | |
| Geographic name | Pakistan |
| General subdivision | Foreign relations |
| Geographic subdivision | United States. |
| 906 ## - LOCAL DATA ELEMENT F, LDF (RLIN) | |
| a | 7 |
| b | cbc |
| c | copycat |
| d | 1 |
| e | ncip |
| f | 20 |
| g | y-gencatlg |
| 942 ## - ADDED ENTRY ELEMENTS (KOHA) | |
| Source of classification or shelving scheme | |
| Koha item type | Book |
| Withdrawn status | Lost status | Damaged status | Not for loan | Collection code | Permanent Location | Current Location | Shelving location | Date acquired | Total Checkouts | Full call number | Barcode | Date last seen | Price effective from | Koha item type |
|---|---|---|---|---|---|---|---|---|---|---|---|---|---|---|
| Centre for International Peace & Stability (CIPS) | Centre for International Peace & Stability (CIPS) | General Stacks | 05/29/2015 | 327.7305491 HAQ 2013 | CIPS0002617 | 06/04/2015 | 06/04/2015 | Book |
